| 000 | 00745nam a22002417a 4500 | ||
|---|---|---|---|
| 005 | 20240408114804.0 | ||
| 010 | _aENG-139990 | ||
| 020 |
_c800.00 _a9789388489289 |
||
| 035 | _aEN-123522 | ||
| 037 | _bDBAD | ||
| 082 |
_a639.9 _21 |
||
| 100 |
_aChoudhury, Tanmay _964346 |
||
| 245 |
_aThe Sundarbans: _bThe Hinterland Of Wilderness/ _cBy Tanmay Choudhury |
||
| 250 | _a1 | ||
| 260 |
_aWest Bengal _bBiswadip Ghosh |
||
| 270 |
_a13B Radhanath Mullick Lane _bKolkata _e700012 |
||
| 300 |
_a156p; _c18(hb) |
||
| 700 |
_aChoudhury, Tanmay _964103 |
||
| 710 |
_aSaha, Debashish [Art Director] _964100 |
||
| 710 |
_aLahiri , Debjani [Chief Editor] _964101 |
||
| 710 |
_aLahiri , D _964104 |
||
| 942 |
_2ddc _cEN _h639.9 _mCHO _e1 |
||
| 999 |
_c201856 _d201856 |
||